Kitab athakhira fi'ilm at-tibb = The book of al Dakhira /
محفوظ في:
المؤلف الرئيسي:
مؤلف مشترك:
مؤلفون آخرون:
التنسيق: كتاب
اللغة:
Arabic
English
منشور في:
Cairo :
Government Press,
1928.
الموضوعات:
الوسوم: إضافة وسم
لا توجد وسوم, كن أول من يضع وسما على هذه التسجيلة!
رقم الطلب: R128.3 .A137
| LEADER | 00913cam a2200253Mi 4500 | ||
|---|---|---|---|
| 001 | on1142846081 | ||
| 003 | OCoLC | ||
| 005 | 20240212135126.0 | ||
| 008 | 200210s1928 ua 000 0 araod | ||
| 041 | 0 | |a ara |a eng | |
| 050 | 4 | |a R128.3 |b .A137 | |
| 100 | 0 | |a Thabit ibn Qurrah al-Harrani |d (826-901). |e Autor. | |
| 245 | 1 | 0 | |a Kitab athakhira fi'ilm at-tibb = |b The book of al Dakhira / |c Thabit ibn Qurrah al-Harrani ; edited by G. Sobhy. |
| 246 | 3 | 1 | |a Book of al Dakhira |
| 260 | |a Cairo : |b Government Press, |c 1928. | ||
| 300 | |a XV, 43, 186 stron ; |c 27 cm. | ||
| 336 | |a Tekst |b txt |2 rdacontent/pol | ||
| 337 | |a Bez urzadzenia posredniczacego |b n |2 rdamedia/pol | ||
| 338 | |a Wolumin |b nc |2 rdacarrier/pol | ||
| 500 | |a Tekst arabski ze wstepem i sownikiem w jezyku angielskim. | ||
| 650 | 0 | |a Medecin |x History. | |
| 700 | 1 | |a Subhi, Jurji |d (1884-1964). |e Redaktor. | |
| 710 | 2 | |a Bulaq Press. |e Wydawca. |4 pbl | |
| 999 | |c 56738 |d 56738 | ||
